[Event "Hillerod NSU op"]
[Site "Hillerod"]
[Date "2009.01.04"]
[Round "4"]
[White "Schultz Pedersen, Jesper"]
[Black "Jensen, Jakob Kjaer"]
[Result "1/2-1/2"]
[WhiteElo "2195"]
[BlackElo "2146"]
[PlyCount "38"]
[EventDate "2009.01.02"]
[EventType "swiss"]
[EventRounds "5"]
[EventCountry "DEN"]
[SourceTitle "EXT 2018"]
[Source "ChessBase"]
[SourceDate "2017.10.13"]
[SourceVersion "1"]
[SourceVersionDate "2017.10.13"]
[SourceQuality "1"]

1. e4 d5 2. exd5 Qxd5 3. Nc3 Qd6 4. Nf3 Bg4 5. Be2 Nf6 6. h3 Bf5 7. d3 c5 8. Bg5 a6 9. Qd2 Nc6 10. Nh4 Bd7 11. Bf4 e5 12. Bh2 Qc7 13. 0-0-0 0-0-0 14. f4 Bd6 15. Rdf1 Nd4 16. fxe5 Bxe5 17. Bxe5 Qxe5 18. Nf3 Nxf3 19. Bxf3 Be6 1/2-1/2

[Event "Hillerod NSU op"]
[Site "Hillerod"]
[Date "2009.01.02"]
[Round "1"]
[White "Jensen, Jakob Kjaer"]
[Black "Scherwin, Claes"]
[Result "1-0"]
[WhiteElo "2146"]
[BlackElo "1864"]
[PlyCount "69"]
[EventDate "2009.01.02"]
[EventType "swiss"]
[EventRounds "5"]
[EventCountry "DEN"]
[SourceTitle "EXT 2018"]
[Source "ChessBase"]
[SourceDate "2017.10.13"]
[SourceVersion "1"]
[SourceVersionDate "2017.10.13"]
[SourceQuality "1"]

1. d4 Nf6 2. Bg5 e6 3. e3 Be7 4. Bd3 b6 5. Nd2 Bb7 6. Ngf3 Na6 7. c3 c5 8. e4 Nc7 9. e5 Nfd5 10. Ne4 f6 11. exf6 gxf6 12. Bh6 d6 13. a3 b5 14. Ng3 c4 15. Bc2 a5 16. Nd2 Nb6 17. Bg7 Rg8 18. Qh5+ Kd7 19. Qxh7 Ncd5 20. Nde4 Kc8 21. Nh5 Nd7 22. h4 Kc7 23. Qh6 f5 24. Ng5 Bxg5 25. hxg5 Qe7 26. 0-0-0 b4 27. Rde1 e5 28. Bxf5 bxc3 29. bxc3 Nxc3 30. Qe6 Rxg7 31. Nxg7 Qxg7 32. Rh7 Bd5 33. Rxg7 Bxe6 34. Bxe6 Rb8 35. Rxd7+ 1-0

[Event "North Sea Cup 20th"]
[Site "Esbjerg"]
[Date "2005.07.09"]
[Round "9"]
[White "Damm, Kasper Wilken"]
[Black "Jensen, Jakob Kjaer"]
[Result "1/2-1/2"]
[WhiteElo "2252"]
[BlackElo "2113"]
[PlyCount "137"]
[EventDate "2005.07.02"]
[EventType "swiss"]
[EventRounds "9"]
[EventCountry "DEN"]
[SourceTitle "CBM 107 Extra"]
[Source "ChessBase"]
[SourceDate "2005.09.01"]
[SourceVersion "1"]
[SourceVersionDate "2005.09.01"]
[SourceQuality "1"]

1. e4 d5 2. exd5 Nf6 3. d4 Qxd5 4. Nc3 Qd6 5. Be2 c6 6. Bf3 Bf5 7. Nge2 e6 8. 0-0 Bg4 9. Bf4 Qd8 10. Bxg4 Nxg4 11. Ne4 Nf6 12. N2c3 Nxe4 13. Nxe4 Qd5 14. Qd3 Nd7 15. c4 Qf5 16. Bc7 Be7 17. Bd6 Nf6 18. Nxf6+ Bxf6 19. Qb3 0-0-0 20. c5 Bxd4 21. Qa3 a6 22. Rae1 h5 23. Qb4 e5 24. Rd1 h4 25. h3 g5 26. Qa5 Rd7 27. Qa3 g4 28. Rd3 gxh3 29. Rxh3 Qg4 30. Qf3 f5 31. Kh1 Qxf3 32. gxf3 Bxb2 33. Rg1 Bd4 34. Rg5 Rf7 35. Kg2 Kd7 36. f4 e4 37. Rb3 Ke6 38. Rb4 h3+ 39. Kh1 Bxf2 40. Be5 Bxc5 41. Rc4 Kd5 42. Rxc5+ Kxc5 43. Bxh8 Kc4 44. Rg3 Rh7 45. Rc3+ Kd5 46. Be5 c5 47. Kh2 b5 48. Rg3 a5 49. Rg5 e3 50. Rxf5 Ke4 51. Rf8 Rd7 52. Re8 Kf3 53. f5 e2 54. Bg3 Rd5 55. f6 Rf5 56. Re6 c4 57. Rc6 Ke3 58. Be1 Kd3 59. Bxa5 Kc2 60. a3 Kb3 61. Bb4 Rf3 62. Re6 c3 63. Rxe2 Rxf6 64. Re5 Rf3 65. Rxb5 Rf1 66. Bd6+ Kc4 67. Rc5+ Kd3 68. Rd5+ Kc4 69. Rc5+ 1/2-1/2

[Event "North Sea Cup 20th"]
[Site "Esbjerg"]
[Date "2005.07.07"]
[Round "7"]
[White "Brinck Claussen, Bjorn"]
[Black "Jensen, Jakob Kjaer"]
[Result "1-0"]
[WhiteElo "2348"]
[BlackElo "2113"]
[PlyCount "51"]
[EventDate "2005.07.02"]
[EventType "swiss"]
[EventRounds "9"]
[EventCountry "DEN"]
[SourceTitle "CBM 107 Extra"]
[Source "ChessBase"]
[SourceDate "2005.09.01"]
[SourceVersion "1"]
[SourceVersionDate "2005.09.01"]
[SourceQuality "1"]

1. e4 d5 2. exd5 Nf6 3. d4 Qxd5 4. Nc3 Qa5 5. Nf3 Bf5 6. Bc4 c6 7. Bd2 e6 8. Qe2 Qc7 9. 0-0-0 Be7 10. Rhe1 Nbd7 11. Ne5 Nxe5 12. dxe5 Nd5 13. g4 Nxc3 14. Bxc3 Bg6 15. f4 Rd8 16. Rxd8+ Qxd8 17. f5 exf5 18. e6 Qd6 19. Be5 Bg5+ 20. Kb1 Qe7 21. gxf5 f6 22. Bg3 Bxf5 23. Rd1 b5 24. Bb3 a5 25. Qf3 Qc5 26. Bf2 1-0

[Event "North Sea Cup 20th"]
[Site "Esbjerg"]
[Date "2005.07.05"]
[Round "5"]
[White "Jensen, Jakob Kjaer"]
[Black "Fedorov, Aleksander"]
[Result "1-0"]
[WhiteElo "2113"]
[BlackElo "2167"]
[PlyCount "81"]
[EventDate "2005.07.02"]
[EventType "swiss"]
[EventRounds "9"]
[EventCountry "DEN"]
[SourceTitle "CBM 107 Extra"]
[Source "ChessBase"]
[SourceDate "2005.09.01"]
[SourceVersion "1"]
[SourceVersionDate "2005.09.01"]
[SourceQuality "1"]

1. d4 d6 2. Bg5 Nd7 3. e3 Ngf6 4. f4 c5 5. c3 e6 6. Nf3 Be7 7. Bd3 b6 8. 0-0 Bb7 9. Nbd2 0-0 10. Qe2 d5 11. Ne5 Ne4 12. Bxe4 dxe4 13. Nxd7 Qxd7 14. Bxe7 Qxe7 15. f5 exf5 16. Rxf5 g6 17. Re5 Qd8 18. Nxe4 f6 19. Re6 Kg7 20. dxc5 Bxe4 21. Rxe4 bxc5 22. Rd1 Qc7 23. Qc4 Rad8 24. Red4 Rxd4 25. cxd4 Rc8 26. Rc1 Qe7 27. Qc3 Rd8 28. dxc5 Qe4 29. Rf1 Qe6 30. c6 Rc8 31. c7 Qe7 32. Rc1 h5 33. Qc5 Qe6 34. Qxa7 h4 35. h3 g5 36. Qd4 Qe7 37. b4 Kh6 38. b5 Rxc7 39. Rxc7 Qxc7 40. Qxf6+ Kh7 41. Qxg5 1-0

[Event "North Sea Cup 20th"]
[Site "Esbjerg"]
[Date "2005.07.03"]
[Round "2"]
[White "Belov, Vladimir"]
[Black "Jensen, Jakob Kjaer"]
[Result "1-0"]
[WhiteElo "2596"]
[BlackElo "2113"]
[PlyCount "73"]
[EventDate "2005.07.02"]
[EventType "swiss"]
[EventRounds "9"]
[EventCountry "DEN"]
[SourceTitle "CBM 107 Extra"]
[Source "ChessBase"]
[SourceDate "2005.09.01"]
[SourceVersion "1"]
[SourceVersionDate "2005.09.01"]
[SourceQuality "1"]

1. d4 d5 2. c4 e6 3. Nc3 Nf6 4. cxd5 exd5 5. Bg5 Be7 6. e3 Nbd7 7. Bd3 0-0 8. Nge2 c6 9. Ng3 Ne8 10. h4 Nd6 11. Qc2 h6 12. Bf4 Nf6 13. f3 Nfe8 14. 0-0-0 Bxh4 15. Nh5 Bg5 16. g4 Qe7 17. Kb1 f5 18. Bxd6 Nxd6 19. f4 Bh4 20. g5 hxg5 21. Qh2 Kf7 22. fxg5 Bxg5 23. Nxg7 Kxg7 24. Rdg1 Nf7 25. Qh7+ Kf6 26. Rxg5 Qxe3 27. Qg7+ Ke7 28. Rg3 Qe6 29. Rg6 Qe3 30. Rg3 Qe6 31. Rg6 Qe3 32. Qf6+ Ke8 33. Be2 Qe7 34. Qg7 Be6 35. Re1 Nh8 36. Rxe6 Qxe6 37. Bh5+ 1-0

[Event "North Sea Cup 19th"]
[Site "Esbjerg"]
[Date "2004.07.03"]
[Round "1"]
[White "Larsen, Peter"]
[Black "Jensen, Jakob Kjaer"]
[Result "1-0"]
[WhiteElo "2221"]
[BlackElo "2067"]
[PlyCount "73"]
[EventDate "2004.07.03"]
[EventType "swiss"]
[EventRounds "9"]
[EventCountry "DEN"]
[SourceTitle "CBM 101 Extra"]
[Source "ChessBase"]
[SourceDate "2004.09.01"]
[SourceVersion "2"]
[SourceVersionDate "2004.09.01"]
[SourceQuality "1"]

1. e4 c5 2. Nf3 Nc6 3. d4 cxd4 4. Nxd4 Nf6 5. Nc3 e5 6. Ndb5 d6 7. Bg5 a6 8. Na3 b5 9. Bxf6 gxf6 10. Nd5 Bg7 11. c3 f5 12. exf5 Bxf5 13. Nc2 Be6 14. Nce3 0-0 15. Bd3 f5 16. 0-0 Ra7 17. a4 Ne7 18. Nxe7+ Rxe7 19. axb5 axb5 20. Bxb5 Qb6 21. Nd5 Bxd5 22. Qxd5+ Kh8 23. Ra6 Qb7 24. Rxd6 f4 25. b3 Qxd5 26. Rxd5 e4 27. c4 Bc3 28. c5 f3 29. c6 fxg2 30. Rfd1 e3 31. fxe3 Rxe3 32. c7 Kg7 33. Rg5+ Kh6 34. h4 Re1+ 35. Rxe1 Bxe1 36. Bd7 Bxh4 37. Rg4 1-0